Matematika v normování práce : Učebnice vybraných statí
Salvato in:
| Autori principali: | , |
|---|---|
| Altri autori: | |
| Natura: | Libro |
| Lingua: | ceco |
| Pubblicazione: |
Praha :
Práce,
1967
|
| Edizione: | 1. |
| Soggetti: | |
| Tags: |
Nessun Tag, puoi essere il primo ad aggiungerne!!
|
MARC
| LEADER | 00000nam a22000003a 4500 | ||
|---|---|---|---|
| 001 | stu52517 | ||
| 005 | 20150617225707.1 | ||
| 008 | 000310s1967----cs------------------cze-d | ||
| 040 | |a STU |b slo | ||
| 041 | 0 | |a cze | |
| 044 | |a cs | ||
| 080 | |a 519.22:658.516(075) |7 A000001621 | ||
| 100 | 1 | |a Vichr, Vladimír |4 aut | |
| 245 | 1 | |a Matematika v normování práce : |b Učebnice vybraných statí | |
| 250 | |a 1. | ||
| 260 | |a Praha : |b Práce, |c 1967 | ||
| 300 | |a 138 s | ||
| 650 | 7 | |a Štatistika matematická-normovanie |2 stusub | |
| 650 | 7 | |a Normovanie-štatistika matematická |2 stusub | |
| 700 | 1 | |a Wolk, Romuald |4 aut | |
| 700 | 1 | |a Molnár, Zdeněk |4 trl | |
| 996 | |b 284M024841 |c M*9877-1 |l MMKN |s A |a 24 |w stu52517_0001 | ||